| 000 | 01969cam a2200385 i 4500 | ||
|---|---|---|---|
| 001 | 2060 | ||
| 003 | FISKH | ||
| 005 | 20250827150429.0 | ||
| 008 | 130213s2014 nyua j b 001 0beng | ||
| 010 | _a 2013005794 | ||
| 020 | _a9780531247808 (library binding) | ||
| 020 | _a9780531284667 | ||
| 020 | _a9780531284667 (pbk.) | ||
| 040 |
_aDLC _beng _cDLC _erda _dDLC |
||
| 042 | _apcc | ||
| 043 | _an-us--- | ||
| 050 | 0 | 0 |
_aNC1766.U52 _bD55428 2014 |
| 082 | 0 | 0 |
_a791.43092 _aB _223 |
| 100 | 1 | _aOrr, Tamra. | |
| 245 | 1 | 0 |
_aWalt Disney : _bthe man behind the magic / _cTamra B. Orr. |
| 264 | 1 |
_aNew York : _bScholastic, _c2014. |
|
| 300 |
_a48 pages : _bcolor illustrations ; _c22 cm |
||
| 336 |
_atext _2rdacontent |
||
| 337 |
_aunmediated _2rdamedia |
||
| 338 |
_avolume _2rdacarrier |
||
| 490 | 0 | _aA true book | |
| 505 | _aS | ||
| 520 | _aExplore important business concepts and take a look at the lives of some of the most important entrepreneurs in history. Fascinating text details the life stories and accomplishments of world-changing business leaders. Readers are also provided with the knowledge they need to understand the basics of the economy and start businesses of their own. Clear text illustrates important business principles and provides readers with the information they need to one day become entrepreneurs Sidebars and timelines provide context for some of history's most incredible business achievements Glossaries clarify important words used in each book Photos and illustrations bring history to life and provide reference points for difficult concepts Additional content for further learning on this subject available at www.factsfornow.scholastic.com. | ||
| 521 | 8 |
_a790
_bLexile |
|
| 521 | 8 |
_aS
_bRaz-Plus |
|
| 600 | 1 | 0 |
_aDisney, Walt, _d1901-1966 _vJuvenile literature. |
| 650 | 0 |
_aAnimators _zUnited States _vBiography _vJuvenile literature. |
|
| 906 |
_a7 _bcbc _corignew _d1 _eecip _f20 _gy-gencatlg |
||
| 942 |
_2ddc _cBK _n0 |
||
| 999 |
_c2060 _d2060 |
||